Makroekonomické změny současnosti. anebo mnoho povyku pro nic?

Ekonomická kríza v ekonomickej teórii. Strušné hospodárske dejiny ľudstva. Stručné dejiny ekonómie. Makroekonomické zmeny v 20.-21. storočí. Podnik v 20. storočí. Podnik v novej ekonomike. Premena ekonomiky a podnikov.

Uložené v:
Podrobná bibliografia
Hlavný autor: Martinčík, David
Ďalší autori: Polívka Martin
Médium: Kapitola
Jazyk:Czech
Predmet:
Tagy: Pridať tag
Žiadne tagy, Buďte prvý, kto otaguje tento záznam!

MARC

LEADER 00000naa a2200000 4500
001 0152735
005 20221017110132.0
041 0 |a cze 
044 |a CZ 
245 1 0 |a Makroekonomické změny současnosti. anebo mnoho povyku pro nic?  |c David Martinčík, Polívka Martin 
520 |a Ekonomická kríza v ekonomickej teórii. Strušné hospodárske dejiny ľudstva. Stručné dejiny ekonómie. Makroekonomické zmeny v 20.-21. storočí. Podnik v 20. storočí. Podnik v novej ekonomike. Premena ekonomiky a podnikov. 
610 2 0 |a história 
610 2 0 |a kríza hospodárska 
610 2 0 |a teórie ekonomické 
610 2 0 |a ekonómia politická klasická 
610 2 0 |a merkantilizmus 
610 2 0 |a podnik 
610 2 0 |a makroekonomika 
100 1 |a Martinčík, David 
700 1 |a Polívka Martin